The art of living : (Record no. 34226)
[ view plain ]
| 000 -LEADER | |
|---|---|
| fixed length control field | 00641nam a2200229 a 4500 |
| 001 - CONTROL NUMBER | |
| control field | 34226 |
| 003 - CONTROL NUMBER IDENTIFIER | |
| rucl marc code | BD-RjUL |
| 005 - DATE AND TIME OF LATEST TRANSACTION | |
| control field | 20211209052126.0 |
| 008 - FIXED-LENGTH DATA ELEMENTS--GENERAL INFORMATION | |
| fixed length control field | 140514r19531940e 000 0 eng d |
| 035 ## - SYSTEM CONTROL NUMBER | |
| System control number | CURL 990060637242(Bnb) |
| -- | (BD-RjUL)34320 |
| 040 ## - CATALOGING SOURCE | |
| Original cataloging agency | BD-RjUL |
| Language of cataloging | eng |
| Transcribing agency | BD-RjUL |
| Modifying agency | BD-RjUL |
| 041 ## - LANGUAGE CODE | |
| Language code of text/sound track or separate title | eng |
| 082 ## - DEWEY DECIMAL CLASSIFICATION NUMBER | |
| Classification number | 294.343 |
| Edition number | 19 |
| Author mark and year | MAA 1953 |
| 100 1# - MAIN ENTRY--PERSONAL NAME | |
| Personal name | Maurois, Andre |
| 9 (RLIN) | 67274 |
| 245 14 - TITLE STATEMENT | |
| Title | The art of living : |
| 260 ## - PUBLICATION, DISTRIBUTION, ETC. (IMPRINT) | |
| Place of publication, distribution, etc. | London : |
| Name of publisher, distributor, etc. | English unviersity Press, |
| Date of publication, distribution, etc. | 1940 [Impression 1953]. |
| 300 ## - PHYSICAL DESCRIPTION | |
| Pagination | 222 p ; |
| Size | 20 cm |
| 650 #0 - SUBJECT ADDED ENTRY--TOPICAL TERM | |
| Topical term or geographic name as entry element | Vipaśyanā (Buddhism) |
| 9 (RLIN) | 104040 |
| 942 ## - ADDED ENTRY ELEMENTS (KOHA) | |
| Source of classification or shelving scheme | Dewey Decimal Classification |
| Koha item type | Books |
| Lost status | Source of classification or shelving scheme | Damaged status | Not for loan | Collection code | Permanent Location | Current Location | Shelving location | Date acquired | Source of acquisition | Cost, normal purchase price | Total Checkouts | Full call number | Date last seen | Copy number | Koha item type |
|---|---|---|---|---|---|---|---|---|---|---|---|---|---|---|---|
| Dewey Decimal Classification | Not For Loan | Non-fiction | Central Library, University of Rajshahi | Central Library, University of Rajshahi | Reading Room | 22/09/1956 | A.B.C | 6.00 | 301 MAA 1953 | 14/05/2014 | C-1 | Books |